000 00625nam a2200229Ia 4500
003 OSt
005 20220924120325.0
006 a|||||r|||| 00| 0
007 ta
008 220923b |||||||| |||| 00| 0 urd d
024 _a314150
037 _cTextual
040 _aARTS
_cARTS
_burd
041 _2urd
_aurd
082 _aO168,1N013,11, H3
100 _aSivaharvi Nihal
_9181654
245 0 _aShabab-o-Inqalab
260 _aDelhi
_bMasnhoor Publishing House India
_c1943
650 _aURDU POETRY
942 _hO168,1N013,11, H3
_cTEXL
_2CC
999 _c402287
_d402287